Library Banner

خاندان ذاتی ملکیت اور ریاست کا آغاز (Record no. 80774)

MARC details
000 -LEADER
fixed length control field 00483nam a22001577a 4500
005 - DATE AND TIME OF LATEST TRANSACTION
control field 20151209104117.0
008 - FIXED-LENGTH DATA ELEMENTS--GENERAL INFORMATION
fixed length control field 151209b xxu||||| |||| 00| 0 eng d
020 ## - INTERNATIONAL STANDARD BOOK NUMBER
International Standard Book Number 9789699739002
040 ## - CATALOGING SOURCE
Transcribing agency PK-LaUMT
082 ## - DEWEY DECIMAL CLASSIFICATION NUMBER
Classification number MSC 923.2
Item number FRE-K
100 ## - MAIN ENTRY--PERSONAL NAME
Personal name فریڈرک اینگلز
245 ## - TITLE STATEMENT
Title خاندان ذاتی ملکیت اور ریاست کا آغاز
Statement of responsibility, etc فریڈرک اینگلز
260 ## - PUBLICATION, DISTRIBUTION, ETC. (IMPRINT)
Place of publication, distribution, etc لاہور
Name of publisher, distributor, etc جمہوری پبلیکیشنز
Date of publication, distribution, etc 2012
300 ## - PHYSICAL DESCRIPTION
Extent 232 ص
942 ## - ADDED ENTRY ELEMENTS (KOHA)
Koha item type Books
Holdings
Withdrawn status Lost status Damaged status Home library Current library Date acquired Full call number Barcode Date last seen Price effective from Koha item type
      UMT Main Campus UMT Main Campus 2015-12-09 MSC 923.2 FRE-K 95087 2015-12-09 2015-12-09 Books